Les 20 plus gros transferts d'Arsenal - Statistiques

Statistiques générales
  • Ce quiz a été pris 365 fois
  • Le résultat moyen est 13 sur 20
Statistiques - réponses
Club Transfert Club Joueur % Correct
West Ham 116.60M Arsenal Rice
97%
Losc 80M Arsenal Pepe
93%
Ol 53M Arsenal Lacazette
92%
Chelsea 75M Arsenal Havertz
83%
Dortmund 63.75M Arsenal Aubameyang
81%
Manchester City 52.50M Arsenal Jesus
77%
Real Madrid 35M Arsenal Odegaard
72%
Atletico 50M Arsenal Partey
71%
Real Madrid 47M Arsenal Ozil
69%
Brighton 58.50M Arsenal White
68%
Manchester City 35M Arsenal Zinchenko
67%
Barcelone 42.50M Arsenal Sanchez
64%
Borussia M'gladbach 45M Arsenal Xhaka
58%
Arsenal 34M Manchester United Van persie
55%
Ajax 40M Arsenal Timber
51%
Arsenal 34M Barcelone Fabregas
44%
Arsenal 38M Liverpool Oxlade-Chamberlain
43%
Valencia 41M Arsenal Mustafi
35%
Arsenal 35M Real Madrid Anelka
24%
Manchester United 34M Arsenal Mkhitaryan
22%
Aucun quiz correspondant
Distribution des résultats
% des personnes avec chaque résultat
Percentile par nombre de réponses
Votre historique - résultats
Vous n’avez pas pris ce quiz